|
|
|
|
| LEADER |
00000nas a2200000 a 4500 |
| 003 |
Ucuenca |
| 005 |
20230308224208.0 |
| 008 |
014120|2014 ec |||||r|||||||||||spa|| |
| 022 |
|
|
|a 13900129
|
| 040 |
|
|
|b spa
|
| 041 |
1 |
|
|a spa
|
| 082 |
0 |
|
|a 378.05
|b E81r
|
| 110 |
2 |
|
|a Escuela Politécnica Nacional.
|g EPN
|9 13185
|
| 245 |
|
0 |
|a Revista Politécnica
|c Escuela Politécnica Nacional
|h imp
|
| 264 |
|
|
|a Quito
|b Escuela Politécnica Nacional
|c Enero 2014
|
| 300 |
|
|
|a 170 páginas:
|b ilu
|c 29.5 cm
|
| 362 |
|
|
|a vol. 33, no. 1 (enero 2014)
|
| 504 |
|
|
|a incl. ref.
|
| 650 |
|
0 |
|a Revista politécnica
|9 182132
|
| 650 |
|
0 |
|a Robótica
|9 40846
|
| 852 |
|
|
|a UC-CDJBV
|
| 856 |
|
|
|a http://sibuc.ucuenca.edu.ec/portada/si9868.jpg
|
| 942 |
|
|
|c SER
|
| 999 |
|
|
|c 147998
|d 147998
|